[Event "Open d'Ille et Vilaine 2012"]
[Site "Rennes"]
[Date "2012.07.10"]
[Round "7.8"]
[White "Bolon, Karelle"]
[Black "Mocquard, Yves"]
[Result "0-1"]
[WhiteElo "2107"]
[BlackElo "1878"]
[PlyCount "94"]

1. e4 e5 2. Nf3 Nc6 3. Bb5 a6 4. Ba4 Nf6 5. d3 b5 6. Bb3 Be7 7. O-O d6 8. c3
O-O 9. Re1 Nb8 10. Nbd2 Bg4 11. Nf1 Nbd7 12. h3 Bh5 13. Ng3 Bg6 14. d4 c5 15.
a4 Rc8 16. axb5 axb5 17. d5 c4 18. Bc2 Nc5 19. Qe2 Re8 20. Bd2 Bf8 21. Bg5 h6
22. Bd2 Bh7 23. Nh2 Qd7 24. Ng4 Nxg4 25. hxg4 Ra8 26. Nh5 Qe7 27. Qf3 Nd7 28.
g3 g6 29. Nf4 exf4 30. gxf4 g5 31. Rxa8 Rxa8 32. fxg5 hxg5 33. Kg2 Ne5 34. Qh3
Bg6 35. f4 gxf4 36. Bxf4 Bg7 37. g5 Ra2 38. Re2 Rxb2 39. Qe3 Qd7 40. Kf1 Ra2
41. Bd1 Ra1 42. Ke1 Qa7 43. Kd2 Qxe3+ 44. Rxe3 Kf8 45. Bc2 Ke7 46. Rg3 Nd7 47.
Re3 Be5 0-1

[Event "Open d'Ille et Vilaine 2012"]
[Site "Rennes"]
[Date "2012.07.10"]
[Round "7.9"]
[White "Fischer, Julie"]
[Black "Hubert, Raphael"]
[Result "0-1"]
[WhiteElo "1856"]
[BlackElo "2006"]
[PlyCount "40"]

1. e4 e5 2. Nf3 Nc6 3. d4 exd4 4. Bc4 Bc5 5. c3 d6 6. cxd4 Bb4+ 7. Bd2 Bxd2+ 8.
Nbxd2 Nf6 9. O-O O-O 10. Bb3 Bg4 11. Qc2 d5 12. e5 Nh5 13. h3 Be6 14. Rfd1 Qd7
15. Nf1 f6 16. exf6 Rxf6 17. Ng5 Rg6 18. Nxe6 Qxe6 19. Ne3 Nf4 20. Kh2 Rxg2+
0-1

[Event "Open d'Ille et Vilaine 2012"]
[Site "Rennes"]
[Date "2012.07.11"]
[Round "7.10"]
[White "Maulana, Kahfi"]
[Black "Pecot, Matthias"]
[Result "1-0"]
[WhiteElo "2006"]
[BlackElo "1835"]
[PlyCount "83"]

1. e4 e5 2. Nf3 Nc6 3. d4 exd4 4. Nxd4 d6 5. Nc3 Nf6 6. Be2 Be7 7. Be3 O-O 8.
h3 a6 9. Qd2 Nxd4 10. Bxd4 b5 11. a3 c5 12. Be3 Bb7 13. Bf3 Qc7 14. O-O Rfe8
15. Rfe1 Nd7 16. Bf4 Ne5 17. Be2 Rad8 18. Rad1 Bc6 19. Nd5 Qd7 20. Bg3 Bxd5 21.
Qxd5 Qc6 22. b3 Qxd5 23. Rxd5 Nc6 24. Red1 Nd4 25. Bd3 g6 26. f3 Ne6 27. Bf1
Nd4 28. Rd2 Rd7 29. b4 Red8 30. c3 Nb3 31. Rd1 f6 32. f4 Kf7 33. Be2 h5 34. f5
g5 35. Bxh5+ Kg7 36. Bf3 Kh6 37. e5 fxe5 38. Bxe5 Nd4 39. cxd4 dxe5 40. dxc5
Rxd5 41. Rxd5 Rxd5 42. Bxd5 1-0

[Event "Open d'Ille et Vilaine 2012"]
[Site "Rennes"]
[Date "2012.07.11"]
[Round "8.1"]
[White "Le Goff, Damien"]
[Black "Meijers, Viesturs"]
[Result "0-1"]
[WhiteElo "2303"]
[BlackElo "2485"]
[Annotator "Doe,John"]
[PlyCount "50"]

1. e4 c5 2. Nf3 b6 3. d4 cxd4 4. Nxd4 Bb7 5. Nc3 a6 6. Bg5 d6 7. Bc4 Nd7 8. Qe2
g6 9. O-O-O Bg7 10. f4 b5 11. Bb3 Qb8 12. e5 dxe5 13. Nf5 Bf6 14. Rxd7 Kxd7 15.
Bxf7 gxf5 16. Rd1+ Kc7 17. Qe3 $2 (17. Bxf6 exf6 18. fxe5) 17... Qa7 18. Qd3
Qd4 19. Qxf5 Qe3+ 20. Kb1 Rd8 21. Rxd8 Kxd8 22. a3 h6 23. Bxf6 Nxf6 24. fxe5
Rf8 25. Be6 Kc7 0-1

[Event "Open d'Ille et Vilaine 2012"]
[Site "Rennes"]
[Date "2012.07.11"]
[Round "8.2"]
[White "Inkiov, Ventzislav"]
[Black "Bailet, Pierre"]
[Result "1/2-1/2"]
[WhiteElo "2460"]
[BlackElo "2426"]
[PlyCount "72"]

1. d4 Nf6 2. c4 g6 3. Nc3 Bg7 4. e4 d6 5. f4 O-O 6. Nf3 Na6 7. Bd3 Bg4 8. O-O
e5 9. fxe5 Nd7 10. a3 c5 11. d5 Nxe5 12. Be2 Nxf3+ 13. Bxf3 Bxf3 14. Qxf3 Nc7
15. Bf4 Qd7 16. Qg3 Ne8 17. Rac1 Nf6 18. Qh4 Ng4 19. Bxd6 Qxd6 20. Qxg4 Rac8
21. Rcd1 a6 22. Kh1 Bxc3 23. bxc3 Qe5 24. Rf4 Qxc3 25. h4 Qxc4 26. e5 Qc3 27.
e6 fxe6 28. Rxf8+ Rxf8 29. Qxe6+ Kg7 30. d6 Qg3 31. Qe4 Rf4 32. Qe5+ Kg8 33.
Qe6+ Kg7 34. Qe5+ Kg8 35. Qe6+ Kg7 36. Qe5+ Kg8 1/2-1/2

[Event "Open d'Ille et Vilaine 2012"]
[Site "Rennes"]
[Date "2012.07.11"]
[Round "8.3"]
[White "Capitaine, Mathieu"]
[Black "Ivanov, Jordan"]
[Result "0-1"]
[WhiteElo "1995"]
[BlackElo "2367"]
[PlyCount "50"]

1. e4 c5 2. Nc3 Nc6 3. g3 g6 4. Bg2 Bg7 5. d3 Rb8 6. Nf3 b5 7. O-O d6 8. Nh4 b4
9. Ne2 Qb6 10. Kh1 Nf6 11. h3 O-O 12. f4 Ba6 13. c4 bxc3 14. bxc3 Nd7 15. Qc2
Nb4 16. cxb4 Bxa1 17. Be3 Bd4 18. Nxd4 cxd4 19. Bd2 Rbc8 20. Qb3 Qb5 21. Rf3
Nb6 22. f5 Qa4 23. fxg6 Qxb3 24. gxh7+ Kxh7 25. axb3 Rc2 0-1

[Event "Open d'Ille et Vilaine 2012"]
[Site "Rennes"]
[Date "2012.07.11"]
[Round "8.4"]
[White "Mahe, Romain"]
[Black "Stephan, Victor"]
[Result "0-1"]
[WhiteElo "1934"]
[BlackElo "2253"]
[PlyCount "62"]

1. e4 c5 2. Nf3 d6 3. d4 cxd4 4. Nxd4 Nf6 5. Bc4 e6 6. Nc3 a6 7. Bb3 b5 8. a3
Be7 9. O-O O-O 10. f3 Bb7 11. Be3 Nbd7 12. Qe2 Rc8 13. Rad1 Ne5 14. g4 Nc4 15.
Bxc4 Rxc4 16. g5 Nd7 17. h4 Qc7 18. h5 g6 19. hxg6 hxg6 20. Qh2 Rc8 21. Kf2 Bf8
22. Rh1 Bg7 23. Qh7+ Kf8 24. Nxe6+ fxe6 25. Qxg6 Ne5 26. Qxe6 Qf7 27. Qxd6+ Kg8
28. Bd4 Qxf3+ 29. Kg1 Qg3+ 30. Kf1 Rf8+ 31. Ke2 Qg2+ 0-1

[Event "Open d'Ille et Vilaine 2012"]
[Site "Rennes"]
[Date "2012.07.12"]
[Round "8.5"]
[White "Guezennec, Franck"]
[Black "Maulana, Kahfi"]
[Result "1/2-1/2"]
[WhiteElo "2181"]
[BlackElo "2006"]
[Annotator "Doe,John"]
[PlyCount "243"]
[EventDate "2012.??.??"]

1. c4 Nf6 2. Nc3 e5 3. Nf3 Nc6 4. e4 d6 5. d4 Bg4 6. d5 Nd4 7. Be3 Nxf3+ 8.
gxf3 Bd7 9. Be2 a6 10. Qb3 b6 11. O-O-O g6 12. Kb1 Bg7 13. Rc1 Qe7 14. Qd1 Nh5
15. h4 O-O 16. Qd2 f5 17. exf5 Bxf5+ 18. Ka1 Qd7 19. Rcg1 Rae8 20. Rh2 Qe7 21.
Ne4 Nf4 22. Bd1 b5 23. c5 Rd8 24. c6 Kh8 25. Bc2 Ra8 26. h5 Bxe4 27. Bxe4 g5
28. h6 Bf6 29. Rhh1 a5 30. Re1 Ng2 31. Rd1 Rfb8 32. Rhg1 Nf4 33. Rge1 Ng2 34.
Re2 b4 35. Rg1 Nf4 36. Ree1 a4 37. Kb1 a3 38. b3 Qf8 39. Rc1 Ra5 40. Rc4 Rab5
41. Rh1 Qg8 42. Rd1 Qf8 43. Bxf4 exf4 44. Bc2 Qxh6 45. Qd3 Qg7 46. Re1 Bc3 47.
Rh1 h6 48. Kc1 Bb2+ 49. Kd1 Re8 50. Re4 Rxe4 51. fxe4 Rc5 52. Qh3 Qd4+ 53. Bd3
Rc1+ 54. Ke2 Rxh1 55. Qxh1 Qf6 56. Qh3 Kg7 57. Kf3 Qf7 58. Qg4 Bf6 59. Kg2 Be5
60. Be2 Bd4 61. Qh3 Qe7 62. Bf3 Bf6 63. Qf5 Qf7 64. Qh3 Qe7 65. Kh2 Be5 66. Kg1
Bf6 67. Kg2 Qe5 68. Qc8 Qe7 69. Kg1 Qd8 70. Qf5 Qe8 71. Qh3 Qe7 72. Qc8 Qd8 73.
Qb7 Bc3 74. Bh5 Bd2 75. Kf1 Bc3 76. Ke2 Kf6 77. Kd3 Ke5 78. f3 Kf6 79. Qa7 Kg7
80. Kc4 Kf6 81. Kb5 Ke5 82. Kc4 Kf6 83. Kd3 Kg7 84. Kc2 Kf6 85. Qg1 Qg8 86. Qf1
Kg7 87. Bg4 Qd8 88. Qa6 Kf6 89. Qc4 Kg7 90. Qd3 Qf6 91. Bh5 {(=)} Qe5 92. Qc4
Be1 93. Kd3 Bc3 94. Kc2 {(=)} Kh7 95. Qd3 Be1 96. Kd1 Bf2 (96... Qa1+ 97. Ke2
Qxa2+ 98. Kxe1 Qa1+ 99. Ke2 a2 100. e5+ Kh8 101. Qg6 Qxe5+) 97. Ke2 Be3 98. Qc2
Kg7 99. Bg4 Qb2 100. Kd3 Qa1 101. Bf5 h5 102. Kc4 Qd4+ 103. Kb5 Qb6+ 104. Kc4
Qd4+ 105. Kb5 Qb6+ 106. Kc4 {(=)} Qc5+ 107. Kd3 Qd4+ 108. Ke2 Qa1 109. Kd3 Kf6
110. Kc4 Bc5 111. Kb5 Qd4 (111... Qf1+ 112. Qc4 Qxf3) 112. e5+ Kxe5 113. Be6
Qe3 114. Ka6 Qxf3 115. Kb7 Bb6 116. Qf5+ Kd4 117. Qxg5 Qe3 118. Qxh5 f3 119.
Qg4+ Qe4 (119... Kc3 120. Qg7+ Qd4 121. Qxd4+ Kxd4) 120. Qg1+ Qe3 121. Qg4+ Qe4
122. Qg1+ 1/2-1/2

[Event "Open d'Ille et Vilaine 2012"]
[Site "Rennes"]
[Date "2012.07.11"]
[Round "8.6"]
[White "Aubry, Yannis"]
[Black "Prioul, Jean"]
[Result "1-0"]
[WhiteElo "2104"]
[BlackElo "1929"]
[Annotator "Doe,John"]
[PlyCount "67"]

1. d4 Nf6 2. c4 c5 3. d5 b5 4. cxb5 a6 5. bxa6 g6 6. Nc3 d6 7. Nf3 Bg7 8. g3
O-O 9. Bg2 Nxa6 10. O-O Nc7 11. Nd2 Ba6 12. a4 Bb7 13. Nc4 Na6 14. e4 Nd7 15.
Re1 Nb4 16. f4 Ba6 17. Bf1 Nb6 18. Na3 (18. Ne3 Bxf1 19. Rxf1) 18... Bxf1 19.
Kxf1 Qd7 20. Nab5 f5 21. Qe2 Kh8 {(=)} 22. Kg2 fxe4 23. Qxe4 Nxa4 24. Rxa4 (24.
Bd2) (24. Qxe7 Qxe7 25. Rxe7 Nxc3 26. Rxa8 Nxb5 27. Rxf8+ Bxf8) 24... Rxa4 25.
Qxe7 Qxe7 26. Rxe7 Bxc3 27. Nxc3 Ra6 28. Rd7 Nd3 29. Bd2 Nxb2 30. Ne4 Nc4 $4
31. Bc3+ Ne5 32. fxe5 Ra2+ 33. Kh3 Rf5 34. e6+ 1-0

[Event "Open d'Ille et Vilaine 2012"]
[Site "Rennes"]
[Date "2012.07.11"]
[Round "8.7"]
[White "Mocquard, Yves"]
[Black "Otmani, Kamel"]
[Result "1/2-1/2"]
[WhiteElo "1878"]
[BlackElo "2090"]
[Annotator "Doe,John"]
[PlyCount "81"]

1. d4 Nf6 2. c4 g6 3. Nc3 Bg7 4. e4 d6 5. f3 O-O 6. Bg5 c5 7. d5 h6 8. Be3 e6
9. Qd2 exd5 10. cxd5 a6 11. a4 Re8 12. Be2 h5 13. a5 Nh7 14. Bh6 Bd4 15. f4 f5
16. Nf3 Qf6 17. e5 dxe5 18. fxe5 Bxe5 19. Nxe5 Qxe5 20. Bf4 Qd4 21. O-O-O Qxd2+
{(=)} 22. Rxd2 Nd7 23. d6 Nhf6 24. Bc4+ Kg7 25. Rhd1 b6 26. axb6 Nxb6 27. Be2
Bd7 28. Bf3 Ne4 29. Nxe4 fxe4 30. Be2 Rf8 31. Be3 Ba4 32. Rf1 Rxf1+ 33. Bxf1
Nd7 34. Rf2 Bb5 35. g3 Bxf1 36. Rxf1 Rf8 37. Rd1 Rf3 38. Kd2 Rf5 39. Ke2 Kf7
40. Ra1 Ke6 41. Rxa6 1/2-1/2

[Event "Open d'Ille et Vilaine 2012"]
[Site "Rennes"]
[Date "2012.07.11"]
[Round "8.8"]
[White "Louis, Corentin"]
[Black "Jouneau, Quentin"]
[Result "1-0"]
[WhiteElo "1994"]
[BlackElo "2026"]
[PlyCount "48"]

1. e4 Nf6 2. e5 Nd5 3. c4 Nb6 4. d4 d6 5. exd6 cxd6 6. Nc3 Nc6 7. Be3 Bf5 8. d5
Ne5 9. Be2 Rc8 10. b3 e6 11. g4 Bg6 12. f4 Ned7 13. Nf3 h5 14. g5 exd5 15. Nxd5
Be7 16. O-O Be4 17. Nxb6 Nxb6 18. Qd4 Bxf3 19. Bxf3 O-O 20. Rad1 Qc7 21. Bxh5
g6 22. Bg4 f6 23. Bf3 Rf7 24. a4 a5 1-0

[Event "Open d'Ille et Vilaine 2012"]
[Site "Rennes"]
[Date "2012.07.11"]
[Round "8.10"]
[White "Houlgate, Anthony"]
[Black "Geffroy, Leo"]
[Result "1-0"]
[WhiteElo "1995"]
[BlackElo "1921"]
[PlyCount "65"]

1. e4 c5 2. d3 g6 3. f4 Bg7 4. Nf3 Nc6 5. Be2 e6 6. O-O Nge7 7. Nbd2 d5 8. a4
O-O 9. c3 a6 10. Qe1 Qc7 11. Qh4 Rb8 12. Ng5 h6 13. Ndf3 f5 14. exd5 exd5 15.
Nh3 d4 16. c4 b5 17. axb5 axb5 18. Ne5 Nxe5 19. fxe5 g5 20. Bxg5 hxg5 21. Nxg5
Rd8 22. Qh7+ Kf8 23. Qh5 Nc6 24. e6 Ne5 25. Rxf5+ Ke7 26. Rf7+ Nxf7 27. Qxf7+
Kd6 28. Ne4+ Kc6 29. e7 Be5 30. exd8=N+ Qxd8 31. Bf3 Kb6 32. Qa7+ Kc6 33. Nxc5+
1-0

[Event "Open d'Ille et Vilaine 2012"]
[Site "Rennes"]
[Date "2012.07.12"]
[Round "9.1"]
[White "Meijers, Viesturs"]
[Black "Aubry, Yannis"]
[Result "1/2-1/2"]
[WhiteElo "2485"]
[BlackElo "2104"]
[Annotator "Doe,John"]
[PlyCount "42"]

1. Nf3 Nf6 2. c4 c5 3. b3 d5 4. cxd5 Nxd5 5. Bb2 Nc6 6. g3 f6 7. Bg2 e5 8. d3
Be7 9. a3 Be6 10. Nfd2 O-O 11. O-O Rc8 12. Nc3 b6 13. Re1 Qd7 14. Nxd5 Bxd5 15.
Bxd5+ Qxd5 16. Rb1 f5 17. Qc2 Rf7 18. Qc4 Qd7 19. Nf3 Bf6 20. b4 Nd4 21. Nxd4
cxd4 {(=)} 1/2-1/2

[Event "Open d'Ille et Vilaine 2012"]
[Site "Rennes"]
[Date "2012.07.13"]
[Round "9.2"]
[White "Stephan, Victor"]
[Black "Le Goff, Damien"]
[Result "1-0"]
[WhiteElo "2253"]
[BlackElo "2303"]
[Annotator "Doe,John"]
[PlyCount "97"]

1. d4 Nf6 2. g3 c5 3. d5 d6 4. Bg2 g6 5. e4 Bg7 6. Ne2 O-O 7. O-O b5 8. a4 b4
9. Nd2 Nbd7 10. Rb1 a5 11. b3 Ba6 12. Re1 Rc8 13. Bb2 Ne8 14. Bxg7 Nxg7 15. Bf1
Nb6 16. Nc1 Bb7 17. Nc4 Nxc4 18. Bxc4 e5 19. dxe6 fxe6 20. Bf1 Qf6 21. Qd2 Qd4
22. Qxd4 cxd4 23. Bd3 e5 24. Bc4+ Kh8 25. Nd3 Rf3 26. Re2 Rcf8 27. Ne1 R3f6 28.
Nd3 Ne6 29. Bxe6 Rxe6 30. Rf1 Ba6 31. f4 Kg7 32. Ref2 exf4 33. Nxf4 Rxf4 34.
Rxf4 Bxf1 35. Kxf1 Re5 36. Ke2 g5 37. Rf5 Rxe4+ 38. Kd3 Re3+ {(=)} 39. Kxd4 Rc3
40. Rxg5+ Kh6 41. Rxa5 Rxc2 42. Rb5 Rxh2 43. Rxb4 Rd2+ 44. Kc4 Kg5 45. a5 Rc2+
46. Kb5 Kf5 47. a6 d5 48. a7 Rc8 49. Ka6 1-0

[Event "Open d'Ille et Vilaine 2012"]
[Site "Rennes"]
[Date "2012.07.13"]
[Round "9.3"]
[White "Ivanov, Jordan"]
[Black "Inkiov, Ventzislav"]
[Result "0-1"]
[WhiteElo "2367"]
[BlackElo "2460"]
[Annotator "Doe,John"]
[PlyCount "36"]

1. d4 Nf6 2. c4 e6 3. Nc3 Bb4 4. Qc2 d5 5. cxd5 exd5 6. Bg5 h6 7. Bh4 c5 8.
dxc5 g5 9. Bg3 Ne4 10. e3 Qa5 11. Nge2 Bf5 12. Be5 O-O 13. Nd4 Re8 14. Bxb8 Bg6
15. Bc7 Qxc7 16. Bd3 Bxc5 17. Bxe4 dxe4 18. Nd5 Qa5+ {illisible} 0-1

[Event "Open d'Ille et Vilaine 2012"]
[Site "Rennes"]
[Date "2012.07.12"]
[Round "9.4"]
[White "Bailet, Pierre"]
[Black "Louis, Corentin"]
[Result "1-0"]
[WhiteElo "2426"]
[BlackElo "1994"]
[Annotator "Doe,John"]
[PlyCount "28"]

1. Nf3 f5 2. d3 d6 3. e4 e5 4. Nc3 Nf6 5. exf5 c5 6. Nh4 Be7 7. g4 O-O 8. Bg2
Nxg4 9. Qxg4 Bxh4 10. Rg1 g6 11. Be3 Kh8 12. Bxb7 Bxf5 13. Qc4 Nd7 14. Bxa8
Qxa8 $4 (14... Nb6) 1-0

[Event "Open d'Ille et Vilaine 2012"]
[Site "Rennes"]
[Date "2012.07.12"]
[Round "9.6"]
[White "Otmani, Kamel"]
[Black "Houlgate, Anthony"]
[Result "1/2-1/2"]
[WhiteElo "2090"]
[BlackElo "1995"]
[Annotator "Doe,John"]
[PlyCount "43"]

1. e4 e5 2. Nf3 Nf6 3. Bc4 Nxe4 4. Nc3 Nf6 5. Nxe5 d5 6. Bb3 Bd6 7. d4 O-O 8.
O-O c6 9. Bg5 Nbd7 10. Nxd7 Bxd7 11. Qf3 Be7 12. Rfe1 Re8 13. h3 a5 14. a4 h6
15. Bh4 Nh7 16. Bxe7 Rxe7 17. Qf4 Rxe1+ 18. Rxe1 Qg5 19. Qxg5 Nxg5 20. Nb1 Kf8
21. Nd2 Bf5 22. g3 {(=)} 1/2-1/2

[Event "Open d'Ille et Vilaine 2012"]
[Site "Rennes"]
[Date "2012.07.13"]
[Round "9.7"]
[White "Schmouchkovitch, Michel"]
[Black "Theon, Pierre"]
[Result "1/2-1/2"]
[WhiteElo "1947"]
[BlackElo "2079"]
[PlyCount "101"]

1. c4 c5 2. g3 g6 3. Bg2 Bg7 4. Nc3 Nc6 5. Nf3 e6 6. O-O Nge7 7. d3 O-O 8. Bg5
h6 9. Bd2 b6 10. a3 Bb7 11. Rb1 d5 12. cxd5 Nxd5 13. Nxd5 Qxd5 14. Bc3 Nd4 15.
Ne1 Qd7 16. e3 Bxg2 17. Nxg2 Nb5 18. Bxg7 Kxg7 19. Qa4 Rfd8 20. Rfd1 Nc7 21.
Qxd7 Rxd7 22. b4 Rad8 23. bxc5 bxc5 24. Rb7 Na6 25. Rxd7 Rxd7 26. Ne1 Rb7 27.
Rd2 Rb1 28. Kf1 Ra1 29. Rb2 Rxa3 30. Rb7 Nb4 31. Rc7 Ra1 32. Ke2 a5 33. Nf3
Ra2+ 34. Nd2 Rc2 35. Ra7 Nd5 36. Kd1 Ra2 37. Ne4 a4 38. Nxc5 Rxf2 39. e4 Nc3+
40. Ke1 Rxh2 41. Nxe6+ Kf6 42. Nd8 Ke5 43. Nc6+ Kd6 44. Na5 Ke6 45. Ra6+ Kd7
46. Ra7+ Ke6 47. Ra6+ Ke7 48. Nc4 h5 49. Kf1 Rc2 50. e5 Kf8 51. Ra7 1/2-1/2

[Event "Open d'Ille et Vilaine 2012"]
[Site "Rennes"]
[Date "2012.07.13"]
[Round "9.8"]
[White "Maulana, Kahfi"]
[Black "Primel, Dominique"]
[Result "1/2-1/2"]
[WhiteElo "2006"]
[BlackElo "1983"]
[Annotator "Doe,John"]
[PlyCount "82"]

1. e4 c5 2. d3 Nc6 3. Nf3 g6 4. g3 Bg7 5. c3 e5 6. Bg2 Nge7 7. O-O O-O 8. Be3
b6 9. Nbd2 d5 10. exd5 Nxd5 11. Qe2 Bb7 12. Rad1 Nxe3 13. fxe3 Qe7 14. e4 Rad8
15. Nc4 Nb8 16. Ne3 Na6 17. Rf2 Nc7 18. Rdf1 Ba6 19. Ne1 Bb7 20. Ng4 f6 21. Ne3
Rd6 22. Nc4 Rdd8 23. Nc2 Ba6 24. N2e3 b5 25. Na5 Qd6 26. Nd5 f5 27. Nb3 Nxd5
28. exd5 Bb7 29. c4 a6 30. Qe3 Rc8 31. Rc2 b4 32. Kh1 Qb6 33. Nd2 Qd6 34. Nf3
Rce8 35. Re2 Bc8 36. Ng5 Kh8 37. Qd2 h6 38. Nh3 Kh7 39. Nf2 Bd7 40. Rfe1 Bf6
41. Nh3 a5 {(=)} 1/2-1/2

[Event "Open d'Ille et Vilaine 2012"]
[Site "Rennes"]
[Date "2012.07.12"]
[Round "9.9"]
[White "Hubert, Raphael"]
[Black "Mocquard, Yves"]
[Result "1-0"]
[WhiteElo "2006"]
[BlackElo "1878"]
[PlyCount "123"]

1. e4 e5 2. Nf3 Nc6 3. Bc4 Nf6 4. O-O Nxe4 5. Re1 d5 6. Bb5 Bc5 7. Re2 O-O 8.
d3 Nd6 9. Bxc6 bxc6 10. Nxe5 Qh4 11. Be3 d4 12. Bd2 f6 13. Nf3 Qh5 14. Bf4 Bg4
15. Nbd2 Rab8 16. Rb1 g5 17. Bg3 Bb4 18. h3 Bd7 19. Nxd4 Qf7 20. a3 Bc5 21.
N4b3 Bb6 22. c4 c5 23. Bxd6 cxd6 24. Ne4 f5 25. Nxg5 Qg6 26. Qd2 f4 27. h4 h6
28. Re7 Bf5 29. Nh7 Rf7 30. Rxf7 Kxf7 31. Qxf4 Rg8 32. g3 Kg7 33. Re1 Bd8 34.
h5 Qxh5 35. Qxd6 Kxh7 36. Qxc5 Qf3 37. Re3 Qd1+ 38. Kg2 Qh5 39. Qe5 Rg7 40. Nd4
Qh3+ 41. Kg1 Bd7 42. Ne6 Qxe6 43. Qxe6 Bxe6 44. Rxe6 Rd7 45. Re3 Bg5 46. Rf3
Bc1 47. b4 Bxa3 48. b5 Kg6 49. d4 Bb2 50. d5 Be5 51. Ra3 Bd4 52. Ra6+ Kg7 53.
Rc6 Rf7 54. Kg2 Rxf2+ 55. Kh3 h5 56. d6 Kf7 57. c5 Rb2 58. Rc7+ Ke8 59. c6 Rxb5
60. Rc8+ Kf7 61. d7 Rc5 62. c7 1-0